Geography Quiz

Random Geography or State Quiz
Score 0/49 Timer 05:00
3 Plays Today
4th-6th Most Populous Cities State % Correct
San Francisco, Fresno, SacramentoCalifornia
92.8%
Austin, Fort Worth, El PasoTexas
92.3%
Sioux City, Waterloo, Iowa CityIowa
91.1%
Yonkers, Syracuse, AlbanyNew York
91.1%
St. Petersburg, Orlando, HialeahFlorida
90.8%
Idaho Falls, Pocatello, CaldwellIdaho
90.2%
Santa Fe, Roswell, FarmingtonNew Mexico
88.2%
Toledo, Akron, DaytonOhio
87.5%
Topeka, Olathe, LawrenceKansas
86.9%
Sterling Heights, Lansing, Ann ArborMichigan
86.9%
Richmond, Newport News, AlexandriaVirginia
86.8%
Macon, Savannah, AthensGeorgia
86.4%
Joliet, Naperville, SpringfieldIllinois
83.5%
Erie, Reading, ScrantonPennsylvania
83.3%
Bozeman, Butte-Silver Bow, HelenaMontana
83%
Chandler, Glendale, ScottsdaleArizona
82.8%
North Las Vegas, Sparks, Carson CityNevada
81.8%
Pawtucket, East Providence, WoonsocketRhode Island
81.5%
South Bend, Hammond, GaryIndiana
81.5%
Springdale, Jonesboro, North Little RockArkansas
81.3%
Chattanooga, Clarksville, MurfreesboroTennessee
81%
Winston-Salem, Durham, FayettevilleNorth Carolina
79.3%
Lowell, Cambridge, New BedfordMassachusetts
77.1%
Huntsville, Tuscaloosa, HooverAlabama
76.5%
Vancouver, Bellevue, KentWashington
74.8%
4th-6th Most Populous Cities State % Correct
Stamford, Waterbury, NorwalkConnecticut
69.8%
Minot, West Fargo, MandanNorth Dakota
69.6%
Hattiesburg, Biloxi, MeridianMississippi
68.3%
South Portland, Auburn, BiddefordMaine
66.2%
Lafayette, Lake Charles, KennerLouisiana
64.9%
Morgantown, Wheeling, WeirtonWest Virginia
64.4%
Duluth, Bloomington, Brooklyn ParkMinnesota
63.3%
Kenosha, Racine, AppletonWisconsin
63%
Independence, Columbia, Lee's SummitMissouri
61.3%
Fort Collins, Lakewood, ThorntonColorado
59.4%
Essex Junction, Barre, MontpelierVermont
56.7%
Elizabeth, Edison, WoodbridgeNew Jersey
56.3%
Mount Pleasant, Rock Hill, GreenvilleSouth Carolina
53.1%
West Jordan, Sandy, OremUtah
50.6%
Sitka, Ketchikan, WasillaAlaska
48.4%
Gresham, Hillsboro, BeavertonOregon
47.7%
Owensboro, Covington, HopkinsvilleKentucky
46.8%
Broken Arrow, Lawton, EdmondOklahoma
46%
Gaithersburg, Bowie, HagerstownMaryland
44.1%
Dover, Rochester, KeeneNew Hampshire
40.9%
Grand Island, Kearney, FremontNebraska
36%
Gillette, Rock Springs, SheridanWyoming
35.8%
Brookings, Watertown, MitchellSouth Dakota
29.4%
Middletown, Smyrna, MilfordDelaware
23.1%
Remove Ads.
Support Sporcle.
Get the best of Sporcle when you Go Orange. This ad-free experience offers more features, more stats, and more fun while also helping to support Sporcle. Thank you for becoming a member.

You're not logged in!

Compare scores with friends on all Sporcle quizzes.
OR
Log In

Show Comments

Extras

Top Quizzes Today


Score Distribution

Your Account Isn't Verified!

In order to create a playlist on Sporcle, you need to verify the email address you used during registration. Go to your Sporcle Settings to finish the process.

Report this User

Report this user for behavior that violates our Community Guidelines.

Details: